[Event "Schachfestival 2014 - Senioren"]
[Site "Woerishofen Bad"]
[Date "2014.03.23"]
[Round "3.34"]
[White "Thieme, Wolfgang"]
[Black "Alefs, Heinz"]
[Result "1-0"]
[WhiteElo "1911"]
[BlackElo "1823"]
[PlyCount "77"]
[EventDate "2014.03.21"]
[EventType "swiss"]
[EventCountry "GER"]
[WhiteTeam "Schachclub Bayer Uerdingen 1923"]
[BlackTeam "SC Eichenau"]
[WhiteTeamCountry "GER"]
[BlackTeamCountry "GER"]

1. e4 g6 2. d4 Bg7 3. Nc3 c6 4. Nf3 d6 5. Bc4 e6 6. O-O b5 7. Bd3 Nd7 8. Re1
Ngf6 9. e5 dxe5 10. dxe5 Ng4 11. Bf4 b4 12. Nb1 Qa5 13. Qe2 Nh6 14. Nbd2 Nb6
15. Nb3 Qd5 16. Rad1 Qd8 17. Bxg6 Qe7 18. Be4 Nd5 19. Bxd5 cxd5 20. Nbd4 Qc5
21. Nb5 O-O 22. Nd6 Nf5 23. Nxf5 exf5 24. Qd2 Be6 25. Bh6 Rfc8 26. Bxg7 Kxg7
27. Qg5+ Kf8 28. Qf6 Ke8 29. Nd4 Kd7 30. Nxf5 Rg8 31. Ng7 Raf8 32. Rd2 b3 33.
axb3 Qb4 34. Red1 Qg4 35. Rxd5+ Kc7 36. Qe7+ Kc8 37. Rc5+ Kb8 38. Qd6+ Kb7 39.
Qc6+ 1-0

[Event "Schachfestival 2014 - Senioren"]
[Site "Woerishofen Bad"]
[Date "2014.03.23"]
[Round "3.41"]
[White "Hager, Eberhard"]
[Black "Breidenbach, Heinz"]
[Result "1-0"]
[WhiteElo "1882"]
[BlackElo "1503"]
[PlyCount "53"]
[EventDate "2014.03.21"]
[EventType "swiss"]
[EventCountry "GER"]
[WhiteTeam "SC Friedberg im Gehörl. Sportver"]
[BlackTeam "Scacchistica milanese"]
[WhiteTeamCountry "GER"]
[BlackTeamCountry "ITA"]

1. e4 d5 2. exd5 Qxd5 3. Nc3 Qa5 4. d4 c6 5. Be2 Bf5 6. Nf3 Bg4 7. Ne5 Bxe2 8.
Qxe2 e6 9. O-O Nf6 10. Ne4 Nxe4 11. Qxe4 Be7 12. Bf4 O-O 13. b3 Qd5 14. Qd3 Rd8
15. Rfd1 Na6 16. Qg3 g6 17. h4 Qe4 18. c3 Rac8 19. h5 f6 20. Nf3 Qf5 21. hxg6
Qxg6 22. Qh3 f5 23. Re1 Re8 24. Ne5 Qg7 25. Re3 Kh8 26. Rg3 Qf8 27. Ng6+ 1-0

[Event "Schachfestival 2014 - Senioren"]
[Site "Woerishofen Bad"]
[Date "2014.03.23"]
[Round "3.53"]
[White "Neiss, Albrecht"]
[Black "Flockerzi, Armin"]
[Result "0-1"]
[WhiteElo "1633"]
[BlackElo "1815"]
[PlyCount "90"]
[EventDate "2014.03.21"]
[EventType "swiss"]
[EventCountry "GER"]
[WhiteTeam "SC Kirchseeon e.V."]
[BlackTeam "VfR-SC Koblenz"]
[WhiteTeamCountry "GER"]
[BlackTeamCountry "GER"]

1. d4 d5 2. c4 c6 3. cxd5 cxd5 4. Nc3 e6 5. Bf4 Nc6 6. e3 a6 7. Bd3 Nf6 8. Nf3
Be7 9. O-O O-O 10. Ne5 Bd7 11. Bg5 Nxe5 12. dxe5 Ne8 13. Bxe7 Qxe7 14. f4 Qc5
15. Rf3 g6 16. Rg3 Ng7 17. Rc1 Rac8 18. h4 Qb6 19. h5 d4 20. Ne4 Rxc1 21. Qxc1
Nxh5 22. Rh3 dxe3 23. Qxe3 Qxe3+ 24. Rxe3 Bc6 25. g3 Rd8 26. Nd6 f6 27. Be2
fxe5 28. fxe5 Ng7 29. Bc4 Kf8 30. Re2 Ke7 31. g4 Rf8 32. Rh2 h5 33. gxh5 gxh5
34. Be2 Nf5 35. Nc4 h4 36. Bd3 Bb5 37. b3 Rg8+ 38. Kf2 Rg5 39. Bxf5 Rxf5+ 40.
Ke3 Bxc4 41. bxc4 Rxe5+ 42. Kd4 Rh5 43. Rb2 b5 44. c5 Rd5+ 45. Ke4 Rxc5 0-1

[Event "Schachfestival 2014 - Senioren"]
[Site "Woerishofen Bad"]
[Date "2014.03.23"]
[Round "3.35"]
[White "Wolfram, Gisbert"]
[Black "Reichwald, Klaus"]
[Result "1/2-1/2"]
[WhiteElo "1803"]
[BlackElo "1894"]
[PlyCount "88"]
[EventDate "2014.03.21"]
[EventType "swiss"]
[EventCountry "GER"]
[WhiteTeam "SU Ebersberg-Grafing"]
[BlackTeam "SC Lohhof 1950 e.V."]
[WhiteTeamCountry "GER"]
[BlackTeamCountry "GER"]

1. Nf3 d5 2. g3 Nc6 3. Bg2 e5 4. d3 Nf6 5. O-O Bd6 6. Nbd2 O-O 7. e4 Bg4 8.
exd5 Nxd5 9. Nc4 Nf6 10. h3 Bd7 11. Bg5 h6 12. Nxd6 cxd6 13. Bxf6 Qxf6 14. Nd2
Be6 15. Ne4 Qe7 16. Nc3 Qd7 17. Kh2 d5 18. Qh5 f6 19. f4 Rad8 20. f5 Bf7 21.
Qd1 Nd4 22. g4 Qc7 23. Kh1 b5 24. Rc1 b4 25. Ne2 Nxe2 26. Qxe2 d4 27. b3 Rc8
28. Qd2 a5 29. h4 Qd8 30. Be4 Bd5 31. Qg2 Bxe4 32. Qxe4 Qd6 33. Rg1 Qc6 34.
Qxc6 Rxc6 35. Rge1 Rfc8 36. Re2 Rc3 37. Rd2 Kf7 38. Kg2 Ke7 39. Kf3 Kd6 40. Ke4
R8c7 41. Rg2 R3c5 42. g5 hxg5 43. hxg5 Rf7 44. gxf6 gxf6 1/2-1/2

[Event "Schachfestival 2014 - Senioren"]
[Site "Woerishofen Bad"]
[Date "2014.03.23"]
[Round "3.29"]
[White "Hommann, Horst"]
[Black "Reimann, Guenther"]
[Result "1/2-1/2"]
[WhiteElo "1843"]
[BlackElo "1929"]
[PlyCount "45"]
[EventDate "2014.03.21"]
[EventType "swiss"]
[EventCountry "GER"]
[WhiteTeam "WSG Halle-Neustadt"]
[BlackTeam "SC Magstadt"]
[WhiteTeamCountry "GER"]
[BlackTeamCountry "GER"]

1. c4 e6 2. d4 f5 3. g3 Nf6 4. Nc3 c6 5. Bg2 Be7 6. Nf3 O-O 7. O-O d5 8. b3 Qe8
9. Ne5 Nbd7 10. Nxd7 Bxd7 11. e3 Bd6 12. c5 Bc7 13. f4 Ng4 14. Bf3 Ba5 15. Qd3
h5 16. Bd2 Qg6 17. Ne2 Bd8 18. Kh1 Kf7 19. Bxg4 Qxg4 20. Ng1 Rh8 21. Qe2 Qg6
22. Qg2 Bf6 23. h4 1/2-1/2

[Event "Schachfestival 2014 - Senioren"]
[Site "Woerishofen Bad"]
[Date "2014.03.23"]
[Round "3.48"]
[White "Dombrowe, Eckehard"]
[Black "Narr, Irmgard"]
[Result "1/2-1/2"]
[WhiteElo "1828"]
[BlackElo "1761"]
[PlyCount "44"]
[EventDate "2014.03.21"]
[EventType "swiss"]
[EventCountry "GER"]
[WhiteTeam "Schachgemeinschaft Nettetal 1929"]
[BlackTeam "SC Mühlh.-R.Nürnberg"]
[WhiteTeamCountry "GER"]
[BlackTeamCountry "GER"]

1. d4 Nf6 2. c4 b6 3. Bf4 Bb7 4. e3 e6 5. Nf3 d6 6. Nc3 Be7 7. h3 a6 8. Bd3 O-O
9. O-O Nbd7 10. Re1 c5 11. Bh2 Re8 12. Rc1 cxd4 13. exd4 Nf8 14. Ne4 Nxe4 15.
Bxe4 d5 16. cxd5 Bxd5 17. Bxd5 Qxd5 18. a3 Bf6 19. Be5 Nd7 20. Bxf6 Nxf6 21.
Re5 Qb7 22. Re2 Nd5 1/2-1/2

[Event "Schachfestival 2014 - Senioren"]
[Site "Woerishofen Bad"]
[Date "2014.03.23"]
[Round "3.21"]
[White "Lainburg, Viktor"]
[Black "Auterhoff, Juergen"]
[Result "1-0"]
[WhiteElo "2188"]
[BlackElo "1803"]
[PlyCount "111"]
[EventDate "2014.03.21"]
[EventType "swiss"]
[EventCountry "GER"]
[WhiteTeam "SC Weisse Dame Ulm e.V."]
[BlackTeam "SC Pasing von 1948 e.V."]
[WhiteTeamCountry "GER"]
[BlackTeamCountry "GER"]

1. b3 e5 2. Bb2 Nc6 3. e3 Nf6 4. Bb5 d6 5. d4 exd4 6. Qxd4 Bd7 7. Bxc6 Bxc6 8.
Nf3 Be7 9. Nbd2 O-O 10. O-O-O Ne8 11. Ne4 Bxe4 12. Qxe4 c6 13. Nd4 Bf6 14. c4
c5 15. Nf5 Bxb2+ 16. Kxb2 Qf6+ 17. Kb1 Rb8 18. Rd2 Qe5 19. Qxe5 dxe5 20. Rd5 b6
21. Ne7+ Kh8 22. Nc6 Rb7 23. Nxe5 Nf6 24. Rd3 Ne4 25. Rf1 Re8 26. Kc2 h5 27.
Nf3 Ree7 28. Nd2 Nxd2 29. Rxd2 Rbd7 30. Rxd7 Rxd7 31. Rd1 Re7 32. a3 g5 33. Rd5
f6 34. Rf5 Kg7 35. b4 cxb4 36. axb4 Kg6 37. Rd5 h4 38. h3 Kf7 39. Kd3 Ke6 40.
e4 Rd7 41. Kd4 Rc7 42. e5 fxe5+ 43. Rxe5+ Kf6 44. Rd5 Re7 45. Kd3 Re5 46. Rd7
Re7 47. Rd8 Kf7 48. Kd4 Re2 49. Rd7+ Re7 50. Rxe7+ Kxe7 51. Kd5 Kd7 52. b5 Kc7
53. Ke6 Kd8 54. Kf6 Kd7 55. Kxg5 Kd6 56. f4 1-0

[Event "Schachfestival 2014 - Senioren"]
[Site "Woerishofen Bad"]
[Date "2014.03.23"]
[Round "3.55"]
[White "Buss, Richard"]
[Black "Samarian, Cornel"]
[Result "1/2-1/2"]
[WhiteElo "1628"]
[BlackElo "1747"]
[PlyCount "73"]
[EventDate "2014.03.21"]
[EventType "swiss"]
[EventCountry "GER"]
[WhiteTeam "VfR Heisfelde e.V."]
[BlackTeam "SC Pegasus Lohkirchen"]
[WhiteTeamCountry "GER"]
[BlackTeamCountry "ITA"]

1. e4 c5 2. Nf3 Nc6 3. Bc4 e6 4. Nc3 h6 5. d4 cxd4 6. Nxd4 a6 7. O-O Ne5 8. Be2
Nf6 9. f4 Nc6 10. Be3 Bc5 11. e5 Bxd4 12. Bxd4 Nh7 13. Bf2 O-O 14. Bc5 Ne7 15.
Bg4 f5 16. exf6 Nxf6 17. Bxe6+ dxe6 18. Qxd8 Rxd8 19. Bxe7 Re8 20. Bd6 Bd7 21.
Be5 Ng4 22. Bd4 e5 23. fxe5 Nxe5 24. Rae1 Nc6 25. Bc5 Rxe1 26. Rxe1 Re8 27.
Rxe8+ Bxe8 28. a3 Bg6 29. Nd5 Bxc2 30. Ne7+ Nxe7 31. Bxe7 Kf7 32. Bb4 h5 33.
Bc3 g6 34. b4 Ke6 35. Kf2 Kf5 36. Bd2 Be4 37. g3 1/2-1/2

[Event "Schachfestival 2014 - Senioren"]
[Site "Woerishofen Bad"]
[Date "2014.03.23"]
[Round "3.54"]
[White "Stratmann, Dietrich"]
[Black "Thiel, Harry"]
[Result "1-0"]
[WhiteElo "1697"]
[BlackElo "1752"]
[PlyCount "79"]
[EventDate "2014.03.21"]
[EventType "swiss"]
[EventCountry "GER"]
[WhiteTeam "SC Schwarz-Weiss Northeim"]
[BlackTeam "Schachpinguine Berlin e.V."]
[WhiteTeamCountry "GER"]
[BlackTeamCountry "GER"]

1. d4 Nf6 2. Nf3 d6 3. e3 g6 4. c4 Bf5 5. Nc3 Bg7 6. Be2 O-O 7. O-O Nbd7 8. Nh4
Be4 9. Nxe4 Nxe4 10. f3 Nef6 11. g3 Re8 12. e4 e5 13. d5 Kh8 14. Be3 Ng8 15.
Qd2 Rf8 16. Rac1 b6 17. b4 a5 18. a3 Ndf6 19. Ng2 Qc8 20. Qc2 Nh5 21. g4 Nhf6
22. Rb1 Nd7 23. c5 Ne7 24. cxd6 cxd6 25. Qxc8 Rfxc8 26. Rfc1 Rxc1+ 27. Rxc1
axb4 28. axb4 Ra3 29. Kf2 f5 30. Rc7 f4 31. Rxd7 fxe3+ 32. Nxe3 Bh6 33. Ng2
Nxd5 34. exd5 Bf8 35. Rb7 Rc3 36. Rxb6 Kg7 37. Rb7+ Kh6 38. h4 Rc2 39. g5+ Kh5
40. Rxh7+ 1-0

[Event "Schachfestival 2014 - Senioren"]
[Site "Woerishofen Bad"]
[Date "2014.03.23"]
[Round "3.20"]
[White "Huhn, Ulrich"]
[Black "Spurga, Josef"]
[Result "1/2-1/2"]
[WhiteElo "1908"]
[BlackElo "2008"]
[PlyCount "29"]
[EventDate "2014.03.21"]
[EventType "swiss"]
[EventCountry "GER"]
[WhiteTeam "SF Siemensstadt"]
[BlackTeam "VfL Sindelfingen"]
[WhiteTeamCountry "GER"]
[BlackTeamCountry "GER"]

1. d4 d5 2. Nc3 Nf6 3. Bg5 Bf5 4. Nf3 Nbd7 5. e3 c6 6. Bd3 Bxd3 7. Qxd3 e6 8.
e4 dxe4 9. Nxe4 Be7 10. Nxf6+ Bxf6 11. Bxf6 Qxf6 12. O-O O-O 13. Rfe1 Rfd8 14.
Qe4 Nb6 15. Rad1 1/2-1/2

[Event "Schachfestival 2014 - Senioren"]
[Site "Woerishofen Bad"]
[Date "2014.03.23"]
[Round "3.37"]
[White "Reinke, Kurt"]
[Black "Kearsley, Raymond J"]
[Result "0-1"]
[WhiteElo "1884"]
[BlackElo "1700"]
[PlyCount "84"]
[EventDate "2014.03.21"]
[EventType "swiss"]
[EventCountry "GER"]
[WhiteTeam "SG Benrath"]
[BlackTeam "Wimbledon"]
[WhiteTeamCountry "GER"]
[BlackTeamCountry "ENG"]

1. d4 Nf6 2. c4 e5 3. dxe5 Ng4 4. Nf3 Nc6 5. Bf4 Bb4+ 6. Nbd2 Qe7 7. e3 Ngxe5
8. Nxe5 Nxe5 9. a3 Bxd2+ 10. Qxd2 d6 11. Be2 O-O 12. O-O Be6 13. c5 f6 14. cxd6
cxd6 15. Qb4 Rac8 16. Rfd1 Rc6 17. Rac1 Rfc8 18. Rxc6 Rxc6 19. h3 Qc7 20. Bg3
Rc5 21. Qa4 b5 22. Bxb5 Qb6 23. Bf1 Kf7 24. b4 Rc3 25. Rb1 Bf5 26. Bxe5 dxe5
27. Rd1 Qc7 28. e4 Bc8 29. Bb5 g6 30. Bd7 Bb7 31. Be8+ Kf8 32. Rd7 Qc6 33. Rf7+
Kxe8 34. Qxc6+ Bxc6 35. Rxa7 Bxe4 36. a4 h5 37. b5 Rc8 38. f3 Bd5 39. Rg7 Bf7
40. Rh7 Kf8 41. Rh8+ Bg8 42. a5 Rc5 0-1

[Event "Schachfestival 2014 - Senioren"]
[Site "Woerishofen Bad"]
[Date "2014.03.23"]
[Round "3.6"]
[White "Bhend, Edwin"]
[Black "Bauder, Herbert"]
[Result "1-0"]
[WhiteElo "2200"]
[BlackElo "1961"]
[PlyCount "129"]
[EventDate "2014.03.21"]
[EventType "swiss"]
[EventCountry "GER"]
[WhiteTeam "Trümmerfeld"]
[BlackTeam "SG Lasker Steglitz-Wilmersdorf"]
[WhiteTeamCountry "SUI"]
[BlackTeamCountry "GER"]

1. b3 e5 2. Bb2 d6 3. e3 Nd7 4. c4 Ngf6 5. Nc3 g6 6. Nf3 Bg7 7. Be2 O-O 8. d3
b6 9. O-O Bb7 10. Qc2 Re8 11. Nd2 Rc8 12. Bf3 Bxf3 13. Nxf3 c6 14. Ne4 Qc7 15.
Rac1 Qb8 16. Ba3 Bf8 17. Qb2 Rcd8 18. Nfd2 Nxe4 19. Nxe4 f5 20. Nd2 Bg7 21. Qc2
Nf6 22. Bb2 c5 23. Rfd1 Kh8 24. Nf3 Qb7 25. Qe2 Nh5 26. Bc3 a5 27. Qb2 f4 28.
Re1 fxe3 29. fxe3 Re7 30. Ng5 h6 31. Ne4 Rf7 32. Rf1 Nf6 33. Qf2 Qe7 34. Qh4
Nxe4 35. Qxe4 Kh7 36. Rxf7 Qxf7 37. Rf1 Qd7 38. Qd5 Rf8 39. Rxf8 Bxf8 40. Bxe5
Qe7 41. Bf4 g5 42. Bg3 Qxe3+ 43. Kf1 Qc1+ 44. Ke2 Qc2+ 45. Kf3 Qd1+ 46. Ke4
Qg4+ 47. Ke3 Qd7 48. h3 Kg6 49. Bh2 Qe7+ 50. Qe4+ Kf7 51. Qxe7+ Bxe7 52. d4 Ke6
53. dxc5 bxc5 54. Ke4 Bf6 55. g4 Bc3 56. Bg3 Bf6 57. Be1 Bd8 58. a3 Bb6 59. h4
Bc7 60. hxg5 hxg5 61. Bd2 Bd8 62. a4 d5+ 63. cxd5+ Kd6 64. Bc3 Kd7 65. Be5 1-0

[Event "Schachfestival 2014 - Senioren"]
[Site "Woerishofen Bad"]
[Date "2014.03.23"]
[Round "3.22"]
[White "Harke, Horst"]
[Black "Seyffer, Guenther"]
[Result "0-1"]
[WhiteElo "1877"]
[BlackElo "2054"]
[PlyCount "88"]
[EventDate "2014.03.21"]
[EventType "swiss"]
[EventCountry "GER"]
[WhiteTeam "SK Varel"]
[BlackTeam "SK 1929 Jöhlingen"]
[WhiteTeamCountry "GER"]
[BlackTeamCountry "GER"]

1. d4 c5 2. e3 e6 3. Nf3 Nf6 4. Be2 b6 5. O-O Bb7 6. Nc3 Be7 7. b3 a6 8. Bb2
cxd4 9. Nxd4 O-O 10. Bf3 d5 11. Be2 Qc7 12. f4 Bb4 13. Nb1 Rc8 14. a3 Be7 15.
Nd2 Nbd7 16. b4 b5 17. Rc1 Nb6 18. c3 Na4 19. Ba1 e5 20. N4b3 exf4 21. exf4 Bd6
22. g3 Qe7 23. Bf3 Qe3+ 24. Kg2 Re8 25. Nd4 Bc7 26. Qe2 Qxe2+ 27. Nxe2 Ne4 28.
Nb3 Bb6 29. Ned4 g6 30. f5 Rac8 31. Bxe4 dxe4 32. fxg6 hxg6 33. Kf2 Bd5 34. Ke1
Bd8 35. Nc5 Nxc5 36. bxc5 Rxc5 37. h4 Bc7 38. Ne2 Bc4 39. Rf6 a5 40. Nf4 Kg7
41. Ra6 Rf5 42. a4 Bxf4 43. gxf4 Rxf4 44. Rxa5 Rd8 0-1

[Event "Schachfestival 2014 - Senioren"]
[Site "Woerishofen Bad"]
[Date "2014.03.23"]
[Round "3.12"]
[White "Boldt, Heinrich"]
[Black "Villing, Dieter"]
[Result "0-1"]
[WhiteElo "1922"]
[BlackElo "2117"]
[PlyCount "68"]
[EventDate "2014.03.21"]
[EventType "swiss"]
[EventCountry "GER"]
[WhiteTeam "TSV Kareth-Lappersdorf"]
[BlackTeam "SK 1962 Ladenburg"]
[WhiteTeamCountry "GER"]
[BlackTeamCountry "GER"]

1. Nf3 d6 2. d4 Bg4 3. g3 Qd7 4. Bg2 Bh3 5. O-O Nc6 6. e4 Bxg2 7. Kxg2 O-O-O 8.
Bf4 e6 9. c3 h6 10. Qa4 d5 11. Nbd2 Nf6 12. e5 Ng8 13. b4 a6 14. b5 Na7 15.
Rab1 Nxb5 16. Qa5 Ne7 17. Rfc1 Nc6 18. Qa4 g5 19. Be3 g4 20. Ne1 h5 21. Nd3 h4
22. Bg5 hxg3 23. hxg3 Be7 24. Nc5 Bxc5 25. Bxd8 Ba3 26. Bf6 Bxc1 27. Rxc1 Rg8
28. Nb3 Nca7 29. Nc5 Qc6 30. Qb4 b6 31. Nxa6 Kb7 32. Qa4 Nxd4 33. Qxd4 Kxa6 34.
Qxg4 Rxg4 0-1

[Event "Schachfestival 2014 - Senioren"]
[Site "Woerishofen Bad"]
[Date "2014.03.23"]
[Round "3.56"]
[White "Hartlaub, Marianne"]
[Black "Aust, Werner"]
[Result "0-1"]
[WhiteElo "1596"]
[BlackElo "1725"]
[PlyCount "132"]
[EventDate "2014.03.21"]
[EventType "swiss"]
[EventCountry "GER"]
[WhiteTeam "SK 1982 Klingenberg/Main"]
[BlackTeam "Schachverein Eichlinghofen 1935"]
[WhiteTeamCountry "GER"]
[BlackTeamCountry "GER"]

1. Nf3 d5 2. c4 e6 3. g3 Nf6 4. Bg2 Nc6 5. cxd5 exd5 6. O-O Be7 7. d4 O-O 8.
Nc3 Be6 9. a3 Qc8 10. Re1 Rd8 11. b4 a6 12. Bb2 Bf5 13. Nh4 Bh3 14. Nf3 Bxg2
15. Kxg2 h6 16. Rc1 Qg4 17. h3 Qd7 18. e3 Bd6 19. Ne2 Re8 20. Qd3 Ne4 21. b5
Na5 22. Nc3 Nxc3 23. Qxc3 axb5 24. Ne5 Qe6 25. Qd3 Nc4 26. Re2 c6 27. Rc3 Nxe5
28. dxe5 Bxe5 29. Rcc2 Bd6 30. f4 Ra4 31. Kf2 Rea8 32. Qc3 Bf8 33. g4 Qe4 34.
Qe5 Qxe5 35. Bxe5 Rxa3 36. Bd4 b4 37. Bb2 Ra2 38. e4 b3 39. Rc3 dxe4 40. Rxb3
Bc5+ 41. Kg2 b6 42. Rxe4 Rd8 43. Kf3 Rd2 44. Re8+ Kh7 45. Be5 Rf2+ 46. Ke4
Rae2+ 47. Kf5 f6 48. Ke6 fxe5 49. fxe5 Bd4 50. Kd7 Rxe5 51. Rxe5 Bxe5 52. Rxb6
c5 53. Rc6 Bd4 54. h4 Rf4 55. g5 hxg5 56. hxg5 Rg4 57. Ke6 Rxg5 58. Rc8 Kh6 59.
Rc6 Kh5 60. Rc8 Kg4 61. Kd6 Kf3 62. Kc6 Ke3 63. Kb5 Kd3 64. Rf8 Rg3 65. Ra8 c4
66. Rc8 c3 0-1

[Event "Schachfestival 2014 - Senioren"]
[Site "Woerishofen Bad"]
[Date "2014.03.23"]
[Round "3.14"]
[White "Nordby, Berndt"]
[Black "Abegg, Beat"]
[Result "1/2-1/2"]
[WhiteElo "2098"]
[BlackElo "1910"]
[PlyCount "29"]
[EventDate "2014.03.21"]
[EventType "swiss"]
[EventCountry "GER"]
[WhiteTeam "Sarpsborg SK"]
[BlackTeam "SK Altdorf"]
[WhiteTeamCountry "NOR"]
[BlackTeamCountry "GER"]

1. d4 d5 2. Nf3 c6 3. c4 Nf6 4. e3 Bg4 5. h3 Bxf3 6. Qxf3 e6 7. Nc3 Nbd7 8.
cxd5 exd5 9. Bd3 Bd6 10. O-O O-O 11. e4 dxe4 12. Nxe4 Nxe4 13. Bxe4 Nf6 14. Bc2
Nd5 15. Bb3 1/2-1/2

[Event "Schachfestival 2014 - Senioren"]
[Site "Woerishofen Bad"]
[Date "2014.03.23"]
[Round "3.45"]
[White "Meul, Willi"]
[Black "Scholtyssek, Werner"]
[Result "0-1"]
[WhiteElo "1880"]
[BlackElo "1799"]
[PlyCount "48"]
[EventDate "2014.03.21"]
[EventType "swiss"]
[EventCountry "GER"]
[WhiteTeam "Schachverein 1925 Hürth-Berrenra"]
[BlackTeam "SK Blankenloch 1947 e.V."]
[WhiteTeamCountry "GER"]
[BlackTeamCountry "GER"]

1. d4 c5 2. e3 Nf6 3. Bd3 d6 4. Nd2 g6 5. Ngf3 Bg7 6. b3 O-O 7. Bb2 b6 8. c4 e6
9. O-O Bb7 10. Qc2 Nbd7 11. a4 Rc8 12. e4 cxd4 13. Nxd4 Nc5 14. b4 Nxd3 15.
Qxd3 d5 16. cxd5 exd5 17. e5 Ne4 18. Nb5 Ba6 19. Nxe4 dxe4 20. Qxe4 Bxb5 21.
axb5 Qd7 22. Rfd1 Qe6 23. Rxa7 Qb3 24. Rd2 Qxb2 0-1

[Event "Schachfestival 2014 - Senioren"]
[Site "Woerishofen Bad"]
[Date "2014.03.23"]
[Round "3.11"]
[White "Rahn, Oskar"]
[Black "Smits, Oswald"]
[Result "1/2-1/2"]
[WhiteElo "2123"]
[BlackElo "1925"]
[PlyCount "88"]
[EventDate "2014.03.21"]
[EventType "swiss"]
[EventCountry "GER"]
[WhiteTeam "SK Frankenthal"]
[BlackTeam "Sfr. Taunus Königstein/Schwalbach"]
[WhiteTeamCountry "GER"]
[BlackTeamCountry "GER"]

1. e4 e5 2. Nf3 Nc6 3. d4 exd4 4. Nxd4 Bc5 5. Be3 Nxd4 6. Bxd4 Bxd4 7. Qxd4 Qf6
8. e5 Qb6 9. Qc3 Ne7 10. Bc4 O-O 11. O-O Ng6 12. Nd2 d6 13. exd6 Qxd6 14. Rae1
Bf5 15. Nf3 Rad8 16. Qb3 Qb6 17. Qc3 Qd6 18. Re3 h6 19. Rfe1 c6 20. Ne5 Nxe5
21. Rxe5 Bg6 22. Bb3 Rd7 23. h4 Kh8 24. h5 Bh7 25. Re8 Bg8 26. Qe3 b6 27. Rxf8
Qxf8 28. Qf3 Rd6 29. Qe4 Rf6 30. Qe7 Qb8 31. g3 b5 32. Qc5 a5 33. c3 a4 34. Bc2
Bh7 35. Bd1 Qc8 36. Kg2 Bf5 37. Kh2 Be6 38. a3 Rf5 39. Qe3 Rf6 40. Bf3 Qc7 41.
Kg2 Bd7 42. Qc5 Kg8 43. Bg4 Qd6 44. Qxd6 Rxd6 1/2-1/2

[Event "Schachfestival 2014 - Senioren"]
[Site "Woerishofen Bad"]
[Date "2014.03.23"]
[Round "3.4"]
[White "Minz, Michail"]
[Black "Aigner, Georg"]
[Result "1-0"]
[WhiteElo "2108"]
[BlackElo "1894"]
[PlyCount "57"]
[EventDate "2014.03.21"]
[EventType "swiss"]
[EventCountry "GER"]
[WhiteTeam "SK Gau-Algesheim"]
[BlackTeam "TSV Dietfurt/Altm. e.V."]
[WhiteTeamCountry "GER"]
[BlackTeamCountry "AUT"]

1. e4 d5 2. Nc3 d4 3. Nce2 e5 4. Ng3 a6 5. Bc4 Nc6 6. a3 Nf6 7. d3 Bd6 8. Nf3
h6 9. O-O Ne7 10. Nh4 Bg4 11. Qe1 Qd7 12. f4 Be6 13. Bxe6 fxe6 14. f5 O-O-O 15.
Qe2 exf5 16. Nhxf5 Nxf5 17. Nxf5 Rdf8 18. Bd2 h5 19. Nh4 Rf7 20. Ng6 Rg8 21. h3
Qe6 22. Nh4 g5 23. Nf5 Bf8 24. g3 g4 25. h4 Ne8 26. b3 Nd6 27. Bb4 Nxf5 28.
exf5 Rxf5 29. Rxf5 1-0

[Event "Schachfestival 2014 - Senioren"]
[Site "Woerishofen Bad"]
[Date "2014.03.23"]
[Round "3.51"]
[White "Riegler, Markus"]
[Black "Schulz, Franz"]
[Result "1-0"]
[WhiteElo "1817"]
[BlackElo "1670"]
[PlyCount "69"]
[EventDate "2014.03.21"]
[EventType "swiss"]
[EventCountry "GER"]
[WhiteTeam "SK Mannheim-Lindenhof 1865"]
[BlackTeam "SV Ebersbach"]
[WhiteTeamCountry "GER"]
[BlackTeamCountry "GER"]

1. e4 e6 2. d4 d5 3. Nc3 dxe4 4. Nxe4 Nf6 5. Ng3 Bd7 6. Nf3 Bb4+ 7. c3 Be7 8.
Bg5 h6 9. Bf4 Bd6 10. Ne5 Nd5 11. Bd2 Nc6 12. f4 Nxe5 13. fxe5 Be7 14. Ne4 Bc6
15. Qg4 g6 16. Bd3 Nb6 17. O-O Rh7 18. Nf6+ Bxf6 19. Rxf6 Qe7 20. c4 O-O-O 21.
a4 Kb8 22. a5 Nd7 23. Be4 Bxe4 24. Qxe4 Nxf6 25. exf6 Qxf6 26. Bc3 Qe7 27. a6
c6 28. d5 Qc5+ 29. Bd4 Qe7 30. axb7 c5 31. Be5+ Rd6 32. Ra6 Kxb7 33. Rxd6 f5
34. Qf3 Kc8 35. Rxe6 1-0

[Event "Schachfestival 2014 - Senioren"]
[Site "Woerishofen Bad"]
[Date "2014.03.23"]
[Round "3.7"]
[White "Daeubler, Heinrich"]
[Black "Braeu, Ludwig"]
[Result "1-0"]
[WhiteElo "2169"]
[BlackElo "1958"]
[PlyCount "43"]
[EventDate "2014.03.21"]
[EventType "swiss"]
[EventCountry "GER"]
[WhiteTeam "Schachclub Haselmuehl"]
[BlackTeam "SK Marktoberdorf"]
[WhiteTeamCountry "GER"]
[BlackTeamCountry "GER"]

1. d4 g6 2. c4 Bg7 3. Nc3 c5 4. d5 d6 5. e4 Nf6 6. Nge2 O-O 7. Ng3 e6 8. Be2
exd5 9. exd5 Na6 10. O-O Nc7 11. Bf4 a6 12. a4 Rb8 13. h3 h6 14. Qd2 g5 15. Be3
Bd7 16. f4 g4 17. f5 h5 18. Bg5 Qc8 19. Bxf6 Bxf6 20. Nxh5 Bd4+ 21. Kh1 Kh7 22.
f6 1-0

[Event "Schachfestival 2014 - Senioren"]
[Site "Woerishofen Bad"]
[Date "2014.03.23"]
[Round "3.33"]
[White "Taufratshofer, Martin"]
[Black "Johnsen, Oystein"]
[Result "1/2-1/2"]
[WhiteElo "1990"]
[BlackElo "2048"]
[PlyCount "60"]
[EventDate "2014.03.21"]
[EventType "swiss"]
[EventCountry "GER"]
[WhiteTeam "SK Obergünzburg"]
[BlackTeam "Tönsberg"]
[WhiteTeamCountry "GER"]
[BlackTeamCountry "NOR"]

1. e4 c5 2. c3 Nf6 3. e5 Nd5 4. Bc4 Nb6 5. Bb3 Nc6 6. Nf3 c4 7. Bc2 e6 8. O-O
d6 9. Qe2 Qc7 10. exd6 Bxd6 11. d4 cxd3 12. Bxd3 Bd7 13. Bg5 h6 14. Bh4 Nd5 15.
Bg3 Rd8 16. Na3 Bxg3 17. hxg3 O-O 18. Rad1 a6 19. Nc4 Nf6 20. Rfe1 Bc8 21. Nce5
Nxe5 22. Nxe5 b6 23. Bb1 Bb7 24. Ng4 Nxg4 25. Qxg4 Rxd1 26. Qxd1 Rd8 27. Qc2 g6
28. Rd1 Rxd1+ 29. Qxd1 Qc6 30. f3 Qc5+ 1/2-1/2

[Event "Schachfestival 2014 - Senioren"]
[Site "Woerishofen Bad"]
[Date "2014.03.23"]
[Round "3.27"]
[White "Dallmeier, Gerhard"]
[Black "Haakert, Karl"]
[Result "1/2-1/2"]
[WhiteElo "1852"]
[BlackElo "1943"]
[PlyCount "44"]
[EventDate "2014.03.21"]
[EventType "swiss"]
[EventCountry "GER"]
[WhiteTeam "SK Roland Weissenfels"]
[BlackTeam "Schachverein Turm Mülheim 1931 e.V."]
[WhiteTeamCountry "GER"]
[BlackTeamCountry "GER"]

1. e4 e5 2. Nf3 Nf6 3. Nxe5 d6 4. Nf3 Nxe4 5. Nc3 Nxc3 6. dxc3 Be7 7. Bf4 Nc6
8. Qd2 Be6 9. O-O-O Qd7 10. Kb1 O-O 11. h4 Bf5 12. Bd3 Bf6 13. Rhg1 Bxd3 14.
Qxd3 Qg4 15. Bg5 Ne5 16. Nxe5 Bxe5 17. f3 Qg3 18. Qc4 Rfc8 19. Rdf1 b5 20. Qc6
Bf4 21. Bxf4 Qxf4 22. g4 Qc4 1/2-1/2